00335nam a2200133Ia 4500008004100000020001500041041001200056082001600068100001500084245003700099260004900136300000800185650000800193221030s9999 xx 000 0 und d a8122406947 aEnglish a105.23bAga aS. P. Bali 0aSolid - State Devices & Circuits bNew Age International Pub.aNew Delhic1997 a375 aECE